000 00870nam a2200253 a 4500
001 25925
003 CO-ViMGA
005 20230915232139.0
008 141112s2004 ck r 000 u spa d
020 _a8427714564
040 _aCO-ViMGA
_bspa
_cCO-ViMGA
041 _aspa
082 0 4 _a155.633 B37s
100 1 _aBerbel Sánchez, Sara, 1963 - .
_940453
245 1 0 _aSin cadenas :
_bnuevas formas de libertad en el siglo XXI /
_cSara Berbel Sánchez.
260 _aMadrid :
_bNarcea de Ediciones,
_c2004.
300 _a190 p. ; 22 cm.
490 _aMujeres
504 _aIncluye bibliografías.
650 1 4 _aMujeres - Aspectos sociales.
_914907
942 _2ddc
_cBK
949 _an n
999 _c33162
_d33162